[Event "Reykjavik op"]
[Site "Reykjavik"]
[Date "2023.04.03"]
[Round "8"]
[White "Olson, Hamish"]
[Black "Stefansson, Vignir Vatnar"]
[Result "1/2-1/2"]
[WhiteElo "2309"]
[BlackElo "2461"]
[PlyCount "56"]
[EventDate "2023.03.29"]
[EventType "swiss"]
[EventRounds "9"]
[EventCountry "ISL"]
[SourceTitle "CBM 213 Extra"]
[Source "ChessBase"]
[SourceDate "2023.05.31"]
[SourceVersion "1"]
[SourceVersionDate "2023.05.31"]
[SourceQuality "1"]

1. d4 d5 2. Nf3 Nf6 3. c4 e6 4. g3 Bb4+ 5. Bd2 a5 6. Qc1 0-0 7. Bg2 Be7 8. 0-0 c6 9. Rd1 Nbd7 10. Bf4 Nh5 11. Bg5 Nhf6 12. Nc3 b6 13. Ne5 Nxe5 14. dxe5 Nd7 15. Bxe7 Qxe7 16. cxd5 exd5 17. f4 Ba6 18. Qd2 Rad8 19. e4 dxe4 20. Qd6 Qxd6 21. Rxd6 Nc5 22. Rad1 Rxd6 23. Rxd6 f5 24. exf6 Rxf6 25. Rd8+ Rf8 26. Rxf8+ Kxf8 27. Nxe4 Nd3 28. Nc3 Nxb2 1/2-1/2

[Event "Reykjavik op"]
[Site "Reykjavik"]
[Date "2023.04.01"]
[Round "5"]
[White "Panchanathan, Magesh Chandran"]
[Black "Olson, Hamish"]
[Result "1-0"]
[WhiteElo "2460"]
[BlackElo "2309"]
[PlyCount "95"]
[EventDate "2023.03.29"]
[EventType "swiss"]
[EventRounds "9"]
[EventCountry "ISL"]
[SourceTitle "CBM 213 Extra"]
[Source "ChessBase"]
[SourceDate "2023.05.31"]
[SourceVersion "1"]
[SourceVersionDate "2023.05.31"]
[SourceQuality "1"]

1. Nf3 d5 2. g3 Nf6 3. Bg2 c6 4. 0-0 Bg4 5. d3 Nbd7 6. Nbd2 e5 7. h3 Bf5 8. e4 dxe4 9. Nh4 Be6 10. dxe4 a5 11. a4 Bb4 12. Qe2 0-0 13. Rd1 Qc7 14. Ndf3 b5 15. Nf5 Rfe8 16. N3h4 Bf8 17. Bg5 Rab8 18. b3 c5 19. axb5 c4 20. Bf1 cxb3 21. cxb3 Bxb3 22. Rdc1 Qd8 23. Qf3 a4 24. Rc6 Re6 25. Rac1 Qa5 26. g4 Qb4 27. Ng3 a3 28. Rb1 a2 29. Rxb3 a1Q 30. Rxb4 Rxc6 31. bxc6 Bxb4 32. cxd7 Nxd7 33. Kg2 Qc3 34. Be3 Nc5 35. Nhf5 Ne6 36. Nh5 Bf8 37. Nh6+ gxh6 38. Nf6+ Kh8 39. Qf5 Kg7 40. Nh5+ Kh8 41. Nf6 Kg7 42. Bxh6+ Kxh6 43. Qxh7+ Kg5 44. Qf5+ Kh6 45. g5+ Nxg5 46. Ng8+ Kg7 47. Qxg5+ Kh8 48. Nf6 1-0

[Event "Reykjavik op"]
[Site "Reykjavik"]
[Date "2023.03.30"]
[Round "3"]
[White "Visakh, Narayanan Rajeswari"]
[Black "Olson, Hamish"]
[Result "1/2-1/2"]
[WhiteElo "2538"]
[BlackElo "2309"]
[PlyCount "133"]
[EventDate "2023.03.29"]
[EventType "swiss"]
[EventRounds "9"]
[EventCountry "ISL"]
[SourceTitle "CBM 213 Extra"]
[Source "ChessBase"]
[SourceDate "2023.05.31"]
[SourceVersion "1"]
[SourceVersionDate "2023.05.31"]
[SourceQuality "1"]

1. d4 d5 2. c4 e6 3. Nf3 Nf6 4. Nc3 Nbd7 5. cxd5 exd5 6. Bg5 h6 7. Bh4 Be7 8. e3 c6 9. Qc2 0-0 10. Bd3 Re8 11. 0-0 Ne4 12. Bxe7 Qxe7 13. Rab1 Ndf6 14. Ne5 Bf5 15. Rfe1 Nxc3 16. bxc3 Bxd3 17. Nxd3 Ne4 18. c4 dxc4 19. Ne5 Nd6 20. Nxc4 Nxc4 21. Qxc4 Rac8 22. Rec1 b6 23. Qa6 c5 24. Rc2 Rc6 25. Rbc1 Rd8 26. dxc5 Rxc5 27. Rxc5 bxc5 28. h3 h5 29. Qc6 g6 30. Rxc5 Rd2 31. a4 Qh4 32. Qe8+ Kg7 33. Qe5+ Kh7 34. Qf4 Qxf4 35. exf4 Rd1+ 36. Kh2 Rd4 37. Ra5 Rxf4 38. Kg3 Rb4 39. h4 Rb7 40. Ra6 Kg7 41. f3 Re7 42. Kh3 Rb7 43. a5 f6 44. Rc6 g5 45. a6 Rd7 46. Kg3 Re7 47. Kh2 Rd7 48. Kh3 Re7 49. g4 hxg4+ 50. Kxg4 gxh4 51. Kxh4 Kg6 52. Kg4 Re5 53. Rc7 Rg5+ 54. Kf4 Ra5 55. Rxa7 Ra4+ 56. Ke3 Kf5 57. Ra8 Ke5 58. Kd3 Kf4 59. Kc3 Kxf3 60. Kb3 Ra1 61. Kc4 f5 62. Kb5 f4 63. Rf8 Rb1+ 64. Kc6 Ra1 65. Kb7 Rb1+ 66. Kc7 Rc1+ 67. Kb7 1/2-1/2

[Event "Newcastle Northumbria Masters IM"]
[Site "Newcastle on Tyne"]
[Date "2022.08.27"]
[Round "2"]
[White "Large, Peter G"]
[Black "Olson, Hamish"]
[Result "0-1"]
[WhiteElo "2298"]
[BlackElo "2343"]
[PlyCount "148"]
[EventDate "2022.08.26"]
[EventType "tourn"]
[EventRounds "9"]
[EventCountry "ENG"]
[EventCategory "2"]
[SourceTitle "CBM 210 Extra"]
[Source "ChessBase"]
[SourceDate "2022.11.30"]
[SourceVersion "1"]
[SourceVersionDate "2022.11.30"]
[SourceQuality "1"]

1. Nf3 d5 2. b3 Bg4 3. Bb2 Nd7 4. g3 Bxf3 5. exf3 h5 6. h4 e6 7. f4 Ndf6 8. Bh3 g6 9. Qe2 c6 10. d3 Bg7 11. Nd2 Nh6 12. Nf3 Qa5+ 13. Kf1 0-0 14. Kg2 Nf5 15. Rhe1 Ne8 16. Ne5 d4 17. Bxf5 exf5 18. Nc4 Qd5+ 19. Qf3 Nf6 20. Re7 b6 21. a4 Qxf3+ 22. Kxf3 Nd5 23. Re2 Rfe8 24. Rae1 Rxe2 25. Rxe2 Rd8 26. Ne5 Bxe5 27. fxe5 Nc7 28. Bc1 Ne6 29. Bg5 Rd5 30. Bf6 Kf8 31. Re1 Rc5 32. Rc1 Ke8 33. Ke2 Kd7 34. Kd2 Nc7 35. f3 Ke6 36. f4 Nd5 37. Bg7 Rc3 38. Bf8 c5 39. Re1 Nb4 40. Rc1 Kd5 41. Be7 Kc6 42. Bf8 a5 43. Bg7 b5 44. axb5+ Kxb5 45. Bf8 a4 46. bxa4+ Kxa4 47. Ra1+ Kb5 48. Rc1 Ra3 49. Bd6 Ra2 50. Bf8 Kc6 51. Bd6 Nd5 52. Bf8 Ne3 53. Be7 Kd5 54. Bf8 Rb2 55. Be7 c4 56. dxc4+ Kxc4 57. Ba3 Ra2 58. Bf8 Nd5 59. Bd6 d3 60. Bf8 Kd4 61. Bd6 Rxc2+ 62. Rxc2 dxc2 63. Kxc2 Ne3+ 64. Kc1 Nf1 65. Kd1 Nxg3 66. Ke1 Ke3 67. Bc7 Ne4 68. Kf1 Kf3 69. Ke1 Nc5 70. Kd2 Ne6 71. Bd6 Kxf4 72. Kd3 Kg3 73. Be7 f4 74. Ke4 f3 0-1

[Event "Olympiad-44"]
[Site "Chennai"]
[Date "2022.08.08"]
[Round "10.3"]
[White "Borisek, Jure"]
[Black "Olson, Hamish"]
[Result "1-0"]
[WhiteElo "2577"]
[BlackElo "2343"]
[PlyCount "65"]
[EventDate "2022.07.29"]
[EventType "team-swiss"]
[EventRounds "11"]
[EventCountry "IND"]
[SourceTitle "CBM 210"]
[Source "ChessBase"]
[SourceDate "2022.10.31"]
[SourceVersion "1"]
[SourceVersionDate "2022.10.31"]
[SourceQuality "1"]
[WhiteTeam "Slovenia"]
[BlackTeam "Scotland"]
[WhiteTeamCountry "SLO"]
[BlackTeamCountry "SCO"]

1. e4 e5 2. Nf3 Nc6 3. Bb5 a6 4. Ba4 Nf6 5. 0-0 Be7 6. Re1 b5 7. Bb3 0-0 8. a4 b4 9. a5 d6 10. c3 bxc3 11. dxc3 h6 12. Nbd2 Nh7 13. Nf1 Ng5 14. Bd5 Bd7 15. Ng3 Nxf3+ 16. Qxf3 Bg5 17. b4 Bxc1 18. Raxc1 g6 19. Qe2 Kg7 20. Rf1 Qb8 21. Kh1 Qa7 22. h4 Rae8 23. h5 Nd8 24. f4 exf4 25. Rxf4 Be6 26. Rd1 Bxd5 27. Rxd5 Ne6 28. Rf1 c6 29. Rxd6 Qe7 30. Qg4 Ng5 31. Rxc6 Rd8 32. Qf4 Ne6 33. Qe5+ 1-0

[Event "BCF-chT 2122 (4NCL)"]
[Site "England"]
[Date "2022.05.02"]
[Round "9.131"]
[White "Olson, Hamish"]
[Black "Ratnesan, Ranesh"]
[Result "1-0"]
[WhiteElo "2300"]
[BlackElo "2258"]
[PlyCount "147"]
[EventDate "2021.11.27"]
[EventType "team-swiss"]
[EventRounds "11"]
[EventCountry "ENG"]
[SourceTitle "EXT 2023"]
[Source "ChessBase"]
[SourceDate "2022.10.05"]
[SourceVersion "1"]
[SourceVersionDate "2022.10.05"]
[SourceQuality "1"]
[WhiteTeam "Alba"]
[BlackTeam "KJCA Kings"]
[WhiteTeamCountry "ENG"]
[BlackTeamCountry "ENG"]

1. d4 Nf6 2. Nf3 g6 3. g3 Bg7 4. Bg2 0-0 5. 0-0 d6 6. Nbd2 Nbd7 7. e4 e5 8. dxe5 dxe5 9. b3 Re8 10. Bb2 c6 11. a4 Qc7 12. Re1 b5 13. Bf1 Rb8 14. b4 Bf8 15. c3 a6 16. Qb1 Bh6 17. Rc1 c5 18. c4 bxa4 19. b5 Nb6 20. Bc3 Nfd7 21. Qc2 Ra8 22. Nb1 axb5 23. cxb5 Bb7 24. Na3 Bg7 25. Nd2 h5 26. Ndc4 Nc8 27. Rd1 Nf6 28. f3 Nh7 29. Bg2 Qe7 30. Qd2 h4 31. Qd7 hxg3 32. hxg3 Nf8 33. Qxe7 Rxe7 34. Na5 Ne6 35. N3c4 Nd4 36. Kf2 f6 37. Rdb1 Bf8 38. Bf1 Rb8 39. Nxb7 Rexb7 40. Na5 Rc7 41. Rxa4 Nb6 42. Ra2 Ra8 43. Raa1 Rca7 44. Nc4 Rxa1 45. Rxa1 Rxa1 46. Bxa1 Nxc4 47. Bxc4+ Kg7 48. Bc3 Bd6 49. Ba5 Kf8 50. Bd8 Be7 51. Bc7 Ke8 52. Ba5 Kd7 53. f4 exf4 54. gxf4 Bd6 55. Bd2 Ke7 56. b6 Bb8 57. Bd5 Kd6 58. Ke3 Ne6 59. Kd3 Ke7 60. f5 gxf5 61. exf5 Nf8 62. Kc4 Nd7 63. Kb5 Bd6 64. Be3 Kd8 65. Be6 Ke7 66. Bxd7 Kxd7 67. Bxc5 Be5 68. Bb4 Bd4 69. Bf8 Be3 70. Bc5 Bg5 71. Ka6 Kc6 72. Bd6 Kxd6 73. b7 Kc7 74. Ka7 1-0

[Event "BCF-chT 2122 (4NCL)"]
[Site "England"]
[Date "2022.05.01"]
[Round "8.62"]
[White "Roberson, Peter T"]
[Black "Olson, Hamish"]
[Result "1/2-1/2"]
[WhiteElo "2425"]
[BlackElo "2300"]
[PlyCount "83"]
[EventDate "2021.11.27"]
[EventType "team-swiss"]
[EventRounds "11"]
[EventCountry "ENG"]
[SourceTitle "EXT 2023"]
[Source "ChessBase"]
[SourceDate "2022.10.05"]
[SourceVersion "1"]
[SourceVersionDate "2022.10.05"]
[SourceQuality "1"]
[WhiteTeam "The Sharks"]
[BlackTeam "Alba"]
[WhiteTeamCountry "ENG"]
[BlackTeamCountry "ENG"]

1. e4 e5 2. Nf3 Nc6 3. Bc4 Bc5 4. c3 Nf6 5. d4 exd4 6. e5 d5 7. Bb5 Ne4 8. cxd4 Bb6 9. Nc3 0-0 10. Be3 Bg4 11. h3 Bh5 12. Qc2 Nxc3 13. bxc3 f6 14. exf6 Qxf6 15. Be2 Bg6 16. Qd1 Qd6 17. 0-0 Kh8 18. a4 Bh5 19. Re1 Bxf3 20. Bxf3 Na5 21. Ra2 c6 22. g3 Qf6 23. Bf4 Rae8 24. Rae2 Rxe2 25. Qxe2 Bd8 26. Bh5 Nc4 27. Qg4 Kg8 28. Re6 Qf5 29. Qe2 Ba5 30. Bg4 Qb1+ 31. Kg2 Qb2 32. Qxb2 Nxb2 33. Re7 Nc4 34. Rxb7 Bxc3 35. Be3 Nxe3+ 36. fxe3 Bd2 37. Re7 Rf6 38. Re6 Rxe6 39. Bxe6+ Kf8 40. Kf3 Ke7 41. Bf5 h6 42. Ke2 1/2-1/2

[Event "BCF-chT 2122 (4NCL)"]
[Site "England"]
[Date "2022.03.27"]
[Round "6.61"]
[White "Gormally, Daniel"]
[Black "Olson, Hamish"]
[Result "1/2-1/2"]
[WhiteElo "2483"]
[BlackElo "2300"]
[PlyCount "97"]
[EventDate "2021.11.27"]
[EventType "team-swiss"]
[EventRounds "11"]
[EventCountry "ENG"]
[SourceTitle "EXT 2023"]
[Source "ChessBase"]
[SourceDate "2022.10.05"]
[SourceVersion "1"]
[SourceVersionDate "2022.10.05"]
[SourceQuality "1"]
[WhiteTeam "Blackthorne Russia"]
[BlackTeam "Alba"]
[WhiteTeamCountry "ENG"]
[BlackTeamCountry "ENG"]

1. d4 d5 2. c4 e6 3. Nf3 Nf6 4. g3 Bb4+ 5. Bd2 Be7 6. Bg2 0-0 7. 0-0 Nbd7 8. Qc2 c6 9. Bf4 b6 10. Nbd2 Nh5 11. Rfc1 Bb7 12. cxd5 Nxf4 13. gxf4 cxd5 14. Qc7 Rb8 15. e3 Nf6 16. Qc2 g6 17. Ne5 Ra8 18. Qc7 Rb8 19. Qxd8 Rfxd8 20. Ndf3 h6 21. Rc7 Kf8 22. Bf1 Ne8 23. Rc3 Rbc8 24. Rac1 Rxc3 25. Rxc3 Rc8 26. Rxc8 Bxc8 27. Nc6 a5 28. Nfe5 Nd6 29. Na7 Bd8 30. Nxc8 Nxc8 31. a4 Nd6 32. Bd3 Bc7 33. Kf1 Kg7 34. Ke2 g5 35. fxg5 hxg5 36. h3 f6 37. Nc6 f5 38. Na7 Bb8 39. Nb5 Nxb5 40. Bxb5 Kf6 41. f3 Bd6 42. Bc6 Bc7 43. Kd3 Bg3 44. e4 fxe4+ 45. fxe4 dxe4+ 46. Kxe4 Bf2 47. d5 exd5+ 48. Bxd5 Bg1 49. b3 1/2-1/2

[Event "BCF-chT 2122 (4NCL)"]
[Site "England"]
[Date "2022.02.13"]
[Round "4.113"]
[White "Brooks, Phil J"]
[Black "Olson, Hamish"]
[Result "1/2-1/2"]
[WhiteElo "2165"]
[BlackElo "2300"]
[PlyCount "90"]
[EventDate "2021.11.27"]
[EventType "team-swiss"]
[EventRounds "11"]
[EventCountry "ENG"]
[SourceTitle "EXT 2023"]
[Source "ChessBase"]
[SourceDate "2022.10.05"]
[SourceVersion "1"]
[SourceVersionDate "2022.10.05"]
[SourceQuality "1"]
[WhiteTeam "Warwicks Select"]
[BlackTeam "Alba"]
[WhiteTeamCountry "ENG"]
[BlackTeamCountry "ENG"]

1. d4 d5 2. c4 e6 3. Nc3 Nf6 4. cxd5 exd5 5. Bg5 c6 6. e3 h6 7. Bh4 Be7 8. Bd3 0-0 9. Nge2 Re8 10. 0-0 Nbd7 11. Qc2 Nh5 12. Bxe7 Qxe7 13. Rfe1 Nhf6 14. Rad1 h5 15. Ng3 Nb6 16. f3 h4 17. Nf1 Bd7 18. Qf2 Nh7 19. e4 dxe4 20. Rxe4 Qd8 21. Rxh4 Nf8 22. Re4 Re6 23. Ng3 Rh6 24. Re5 Be6 25. Rh5 Rxh5 26. Nxh5 Qg5 27. Ng3 a5 28. Nge4 Qe7 29. Nc5 Nd5 30. Nxe6 Nxe6 31. Nxd5 cxd5 32. Bf5 Rc8 33. Bxe6 fxe6 34. a3 Rc4 35. h3 a4 36. Qe3 Qf6 37. Rd2 Kf7 38. f4 b5 39. Kh2 g6 40. Qe5 Qxe5 41. fxe5 Kg7 42. Kg3 Kh6 43. Kg4 b4 44. axb4 Rxb4 45. Kh4 Rb3 1/2-1/2

[Event "BCF-chT 2122 (4NCL)"]
[Site "England"]
[Date "2022.02.12"]
[Round "3.91"]
[White "Olson, Hamish"]
[Black "Blackburn, Jonathan LB"]
[Result "1-0"]
[WhiteElo "2300"]
[BlackElo "2227"]
[PlyCount "99"]
[EventDate "2021.11.27"]
[EventType "team-swiss"]
[EventRounds "11"]
[EventCountry "ENG"]
[SourceTitle "EXT 2023"]
[Source "ChessBase"]
[SourceDate "2022.10.05"]
[SourceVersion "1"]
[SourceVersionDate "2022.10.05"]
[SourceQuality "1"]
[WhiteTeam "Alba"]
[BlackTeam "West is Best"]
[WhiteTeamCountry "ENG"]
[BlackTeamCountry "ENG"]

1. d4 Nf6 2. Nf3 g6 3. g3 Bg7 4. Bg2 0-0 5. 0-0 d6 6. Nbd2 c5 7. dxc5 dxc5 8. c3 Nc6 9. Nb3 Nd7 10. Bf4 c4 11. Nbd2 Nb6 12. e4 e5 13. Be3 Be6 14. Re1 Qe7 15. Bf1 Rfd8 16. Qb1 Na5 17. b4 cxb3 18. axb3 Nc6 19. b4 Qc7 20. Ng5 Bd7 21. b5 Ne7 22. c4 h6 23. Ngf3 Be6 24. c5 Nd7 25. Rxa7 Rxa7 26. b6 Qc8 27. bxa7 Nc6 28. Nc4 Bxc4 29. Bxc4 Nxa7 30. Qa2 Nc6 31. Bxf7+ Kh7 32. Be6 Qc7 33. h4 Nd4 34. Bxd4 exd4 35. h5 Nxc5 36. hxg6+ Kh8 37. Bd5 d3 38. Kg2 Nd7 39. Rh1 Ne5 40. Qd2 Nxg6 41. Rxh6+ Bxh6 42. Qxh6+ Qh7 43. Qxh7+ Kxh7 44. Ng5+ Kg7 45. Ne6+ Kf6 46. Nxd8 Ke5 47. Nxb7 Kd4 48. f4 Kc3 49. e5 d2 50. Bf3 1-0

[Event "British OTB-ch"]
[Site "Hull"]
[Date "2021.10.06"]
[Round "5"]
[White "Bradbury, Neil H"]
[Black "Olson, Hamish"]
[Result "0-1"]
[WhiteElo "2265"]
[BlackElo "2273"]
[PlyCount "74"]
[EventDate "2021.10.02"]
[EventType "swiss"]
[EventRounds "9"]
[EventCountry "ENG"]
[SourceTitle "EXT 2022"]
[Source "ChessBase"]
[SourceDate "2021.10.06"]
[SourceVersion "1"]
[SourceVersionDate "2021.10.06"]
[SourceQuality "1"]

1. d4 d5 2. c4 e6 3. Nf3 Nf6 4. g3 Bb4+ 5. Bd2 Be7 6. Bg2 0-0 7. 0-0 Nbd7 8. Qc2 c6 9. Nc3 dxc4 10. a4 a5 11. e4 Nb6 12. Rfd1 Bd7 13. Bf4 Qc8 14. Ne5 Rd8 15. Qe2 Be8 16. Be3 Nfd7 17. Nxc4 Nxc4 18. Qxc4 e5 19. Qe2 exd4 20. Bxd4 Nc5 21. Qc4 Qe6 22. Qxe6 Nxe6 23. Bb6 Rxd1+ 24. Rxd1 Bc5 25. Bxc5 Nxc5 26. Bf1 f6 27. f4 Bf7 28. Kf2 Kf8 29. Ke3 Ke7 30. Rd4 Bb3 31. e5 Rf8 32. exf6+ Rxf6 33. Ne4 Nxe4 34. Kxe4 Rd6 35. Bd3 Rh6 36. Be2 Rxh2 37. Bg4 Bd5+ 0-1

[Event "Newcastle Northumbria Masters"]
[Site "Newcastle on Tyne"]
[Date "2021.08.29"]
[Round "6"]
[White "Merriman, John"]
[Black "Olson, Hamish"]
[Result "1/2-1/2"]
[WhiteElo "2245"]
[BlackElo "2246"]
[PlyCount "98"]
[EventDate "2021.08.26"]
[EventType "swiss"]
[EventRounds "9"]
[EventCountry "ENG"]
[SourceTitle "CBM 204 Extra"]
[Source "ChessBase"]
[SourceDate "2021.11.30"]
[SourceVersion "1"]
[SourceVersionDate "2021.11.30"]
[SourceQuality "1"]

1. d4 d5 2. c4 e6 3. Nc3 Nf6 4. Bg5 Nbd7 5. e3 h6 6. Bh4 Be7 7. Qc2 c5 8. Nf3 0-0 9. Rd1 Qa5 10. cxd5 Nxd5 11. Bxe7 Nxe7 12. Be2 Nf6 13. 0-0 cxd4 14. Nxd4 Bd7 15. e4 Rfd8 16. Qb3 a6 17. Rfe1 Qe5 18. Qa3 Ng6 19. Bf1 Be8 20. Nf3 Qc7 21. Qb4 Ng4 22. h3 N4e5 23. Nxe5 Nxe5 24. Be2 Rac8 25. Qb3 Bc6 26. Rxd8+ Qxd8 27. Rd1 Qa5 28. Rd4 Nd7 29. Qd1 Nf6 30. Qd2 Qc7 31. Bf3 g5 32. g3 Qe5 33. Bg2 Kh8 34. Kh2 Rg8 35. b4 Nh7 36. a4 h5 37. f4 gxf4 38. gxf4 Qg7 39. b5 axb5 40. axb5 Be8 41. Rc4 Qg3+ 42. Kh1 e5 43. f5 h4 44. Rc5 f6 45. Rd5 Bh5 46. Rd3 Qg7 47. Rd7 Qg3 48. Rd3 Qg7 49. Rd7 Qg3 1/2-1/2

[Event "Newcastle Northumbria Masters"]
[Site "Newcastle on Tyne"]
[Date "2021.08.27"]
[Round "2"]
[White "Olson, Hamish"]
[Black "Hutchinson, Paul A"]
[Result "1-0"]
[WhiteElo "2246"]
[BlackElo "2120"]
[PlyCount "73"]
[EventDate "2021.08.26"]
[EventType "swiss"]
[EventRounds "9"]
[EventCountry "ENG"]
[SourceTitle "CBM 204 Extra"]
[Source "ChessBase"]
[SourceDate "2021.11.30"]
[SourceVersion "1"]
[SourceVersionDate "2021.11.30"]
[SourceQuality "1"]

1. Nf3 d5 2. g3 Nf6 3. Bg2 Bg4 4. 0-0 e6 5. d4 Nbd7 6. Nbd2 Be7 7. Re1 Bxf3 8. Bxf3 h5 9. e4 c6 10. e5 Ng8 11. Bxh5 Nh6 12. Be2 Nf5 13. c3 Nf8 14. Bd3 Qd7 15. a4 a5 16. Nf3 Bd8 17. b3 Bb6 18. Ba3 g6 19. Qd2 Qc7 20. Qf4 Qb8 21. g4 Bd8 22. gxf5 gxf5 23. Bxf8 Rxf8 24. c4 dxc4 25. bxc4 Bb6 26. Rab1 Qa7 27. c5 Bc7 28. Bxf5 0-0-0 29. Bd3 Kb8 30. Be4 Ka8 31. Rb3 f5 32. Bd3 Rg8+ 33. Kh1 Rg4 34. Qh6 Rgxd4 35. Nxd4 Rxd4 36. Qxe6 Qb8 37. Bxf5 1-0

[Event "Newcastle Northumbria Masters"]
[Site "Newcastle on Tyne"]
[Date "2021.08.26"]
[Round "1"]
[White "Gibbs, Dominic V"]
[Black "Olson, Hamish"]
[Result "0-1"]
[WhiteElo "1904"]
[BlackElo "2246"]
[PlyCount "104"]
[EventDate "2021.08.26"]
[EventType "swiss"]
[EventRounds "9"]
[EventCountry "ENG"]
[SourceTitle "CBM 204 Extra"]
[Source "ChessBase"]
[SourceDate "2021.11.30"]
[SourceVersion "1"]
[SourceVersionDate "2021.11.30"]
[SourceQuality "1"]

1. e4 e5 2. Nf3 Nc6 3. Bb5 Nf6 4. Qe2 d6 5. c3 Be7 6. 0-0 0-0 7. Rd1 Bg4 8. h3 Bxf3 9. Qxf3 Nb8 10. d4 Nbd7 11. Be3 c6 12. Bd3 b5 13. Nd2 Re8 14. Nf1 Bf8 15. Bg5 h6 16. Bh4 Qb6 17. Bc2 c5 18. d5 Be7 19. Ne3 g6 20. g4 Reb8 21. Kg2 Qd8 22. Bg3 Nh7 23. Qe2 Bh4 24. Bh2 c4 25. Rf1 Qe7 26. a4 a6 27. axb5 axb5 28. Rxa8 Rxa8 29. b3 cxb3 30. Bxb3 Nc5 31. Bc2 Ra2 32. Qxb5 Bg5 33. Qb1 Qa7 34. Nc4 Ra6 35. f4 exf4 36. h4 Bxh4 37. Bxf4 Qd7 38. Bd1 Kg7 39. e5 dxe5 40. Nxe5 Qxd5+ 41. Kh3 Bf6 42. Bf3 Qa2 43. Qb8 Ne6 44. Bxh6+ Kxh6 45. Nxf7+ Kg7 46. Qh8+ Kxf7 47. Qxh7+ Kf8 48. Qh6+ Ke7 49. Bb7 Ng5+ 50. Kg3 Be5+ 51. Rf4 Bxf4+ 52. Kxf4 Qf2+ 0-1

[Event "Titled Tuesday intern op 29th Dec"]
[Site "Chess.com INT"]
[Date "2020.12.29"]
[Round "6"]
[White "Blanco Gramajo, Cesar Augusto"]
[Black "Olson, Hamish"]
[Result "0-1"]
[WhiteElo "2065"]
[BlackElo "2246"]
[PlyCount "152"]
[EventDate "2020.12.29"]
[EventType "swiss (blitz)"]
[EventRounds "11"]
[EventCountry "USA"]
[SourceTitle "CBM 200 Extra"]
[Source "ChessBase"]
[SourceDate "2021.03.31"]
[SourceVersion "1"]
[SourceVersionDate "2021.03.31"]
[SourceQuality "1"]

1. d4 d5 2. Nf3 e6 3. g3 b6 4. Bg2 Bb7 5. 0-0 Nf6 6. c4 dxc4 7. Nbd2 c5 8. Nxc4 cxd4 9. Nxd4 Bxg2 10. Qa4+ Qd7 11. Qxd7+ Nbxd7 12. Kxg2 Rc8 13. b3 a6 14. Rd1 Bc5 15. Bf4 Nd5 16. Nd6+ Bxd6 17. Bxd6 h5 18. Rac1 Kd8 19. Nc6+ Rxc6 20. Rxc6 h4 21. e4 N5f6 22. Be5 h3+ 23. Kf1 Nxe4 24. Bxg7 Rh5 25. Bb2 Nec5 26. Rcd6 Kc7 27. b4 Na4 28. Rxd7+ Kc6 29. Bf6 Kb5 30. R7d4 Rf5 31. Be7 Rf3 32. R1d2 Rc3 33. Ke2 Rc1 34. Kf3 Rh1 35. Kg4 Rxh2 36. f4 Rh1 37. Kg5 Nc3 38. Kf6 Nb1 39. Rc2 Na3 40. Re2 Nc4 41. Re5+ Nxe5 42. fxe5 Rf1+ 43. Kg7 h2 44. Bf6 h1Q 45. Kxf7 Qc6 46. Rd6 Qc7+ 47. Kxe6 Rxf6+ 48. Kxf6 Kxb4 49. Rd4+ Kc3 50. Rf4 Qd8+ 51. Kf5 Qe7 52. Ke4 b5 53. Rf3+ Kd2 54. Rd3+ Kc2 55. Rf3 b4 56. Rd3 Kb1 57. Rd2 Kc1 58. Re2 a5 59. Re3 a4 60. Re1+ Kd2 61. Re3 Kc2 62. Kf3 b3 63. Re2+ Kd3 64. axb3 axb3 65. Re3+ Kc4 66. Re4+ Kb5 67. Re3 b2 68. Rb3+ Kc4 69. Rxb2 Qxe5 70. Rc2+ Kd3 71. Re2 Qxe2+ 72. Kf4 Qe4+ 73. Kg5 Ke3 74. g4 Kf3 75. Kh5 Qxg4+ 76. Kh6 Kf4 0-1

[Event "Titled Tuesday intern op 29th Dec"]
[Site "Chess.com INT"]
[Date "2020.12.29"]
[Round "4"]
[White "Pniaczek, Marek"]
[Black "Olson, Hamish"]
[Result "1-0"]
[WhiteElo "2211"]
[BlackElo "2246"]
[PlyCount "105"]
[EventDate "2020.12.29"]
[EventType "swiss (blitz)"]
[EventRounds "11"]
[EventCountry "USA"]
[SourceTitle "CBM 200 Extra"]
[Source "ChessBase"]
[SourceDate "2021.03.31"]
[SourceVersion "1"]
[SourceVersionDate "2021.03.31"]
[SourceQuality "1"]

1. e4 e5 2. Nf3 Nc6 3. Bb5 Nf6 4. 0-0 Nxe4 5. d4 Nd6 6. Bxc6 dxc6 7. dxe5 Nf5 8. Qxd8+ Kxd8 9. Nc3 Ke8 10. Rd1 Be6 11. Bf4 Bb4 12. Ne4 Bd5 13. Ng3 Nxg3 14. hxg3 Rd8 15. c3 Be7 16. Rd2 h6 17. b3 c5 18. Rad1 Be6 19. Rxd8+ Bxd8 20. Nd2 Kd7 21. Ne4+ Kc6 22. f3 Be7 23. g4 a5 24. g5 h5 25. c4 a4 26. Nc3 axb3 27. axb3 Ra8 28. Nd5 Bf8 29. g6 fxg6 30. Bg5 Ra3 31. Nf4 Bf7 32. Rd8 Rxb3 33. Rxf8 Bxc4 34. e6 Bxe6 35. Nxe6 Rd3 36. Rc8 Rd7 37. Bf4 b5 38. Bxc7 b4 39. Bg3+ Kd5 40. Nxc5 Rf7 41. Ne4 Rb7 42. Rb8 Rxb8 43. Bxb8 b3 44. Nd2 b2 45. Ba7 g5 46. g3 g4 47. f4 g5 48. fxg5 Ke5 49. Be3 Kf5 50. Kf2 Kg6 51. Ke2 h4 52. gxh4 Kh5 53. Kf2 1-0

[Event "Titled Tuesday intern op 29th Dec"]
[Site "Chess.com INT"]
[Date "2020.12.29"]
[Round "3"]
[White "Trakru, Rohun"]
[Black "Olson, Hamish"]
[Result "1/2-1/2"]
[WhiteElo "1775"]
[BlackElo "2246"]
[PlyCount "155"]
[EventDate "2020.12.29"]
[EventType "swiss (blitz)"]
[EventRounds "11"]
[EventCountry "USA"]
[SourceTitle "CBM 200 Extra"]
[Source "ChessBase"]
[SourceDate "2021.03.31"]
[SourceVersion "1"]
[SourceVersionDate "2021.03.31"]
[SourceQuality "1"]

1. d4 d5 2. c4 e6 3. Nf3 a6 4. cxd5 exd5 5. Nc3 Nf6 6. Bg5 Be6 7. e3 Nbd7 8. Bd3 c6 9. Qc2 Bd6 10. 0-0 Qc7 11. Bf5 Bxf5 12. Qxf5 0-0 13. Rac1 Rae8 14. Bh4 Ne4 15. Nxd5 Qb8 16. Qxd7 cxd5 17. Bg3 Nxg3 18. hxg3 Rd8 19. Qf5 g6 20. Qd3 Rfe8 21. Rc2 Kg7 22. Rfc1 h5 23. Nd2 Re6 24. Nf3 Rde8 25. Re2 Bxg3 26. fxg3 Qxg3 27. Rce1 h4 28. Ne5 h3 29. e4 Qxd3 30. Nxd3 Rxe4 31. Rxe4 dxe4 32. Nc5 b6 33. Rxe4 h2+ 34. Kxh2 Rh8+ 35. Kg3 bxc5 36. dxc5 f5 37. Re7+ Kf6 38. Ra7 Rb8 39. Rxa6+ Ke5 40. Rb6 Rc8 41. b4 g5 42. a4 Rd8 43. a5 Rd3+ 44. Kf2 f4 45. a6 Ra3 46. b5 g4 47. Rb8 Ra2+ 48. Ke1 g3 49. a7 Rxa7 50. Re8+ Kd4 51. c6 f3 52. gxf3 Ra1+ 53. Ke2 g2 54. Rg8 g1Q 55. Rxg1 Rxg1 56. c7 Rg2+ 57. Kf1 Rc2 58. b6 Ke3 59. b7 Rc1+ 60. Kg2 Rc2+ 61. Kg3 Rxc7 62. b8Q Rg7+ 63. Kh4 Rh7+ 64. Kg4 Rg7+ 65. Kh5 Rg2 66. Qb3+ Kf4 67. Qc4+ Kxf3 68. Qd5+ Kf2 69. Qe4 Kg1 70. Qf3 Rh2+ 71. Kg4 Rg2+ 72. Kh5 Rh2+ 73. Kg6 Rg2+ 74. Kh6 Rh2+ 75. Kg7 Rg2+ 76. Kh7 Rh2+ 77. Kg6 Rg2+ 78. Kh5 1/2-1/2